=LDR 00000nam 2200000 4500 =001 INLIS000000000029523 =005 20130612131741 =008 ***********************************Ind** =035 ##$$0010-061300000029523 =041 ##$$a Ind =082 ##$$a 813 =090 ##$$a 813, Ray d =100 ##$$a Rayes, Dinullah =245 ##$$a Damai dalam badai, oleh Dinullah Rayes =260 ##$$a 2007 $b Mataram =300 ##$$a xii, 70 hlm, 21 cm =650 ##$$a Fiksi Indonesia-Dewasa =850 ##$$a NBPNMAT